<?xml version="1.0" encoding="UTF-8"?>
<record
    xmlns:xsi="http://www.w3.org/2001/XMLSchema-instance"
    xsi:schemaLocation="http://www.loc.gov/MARC21/slim http://www.loc.gov/standards/marcxml/schema/MARC21slim.xsd"
    xmlns="http://www.loc.gov/MARC21/slim">

  <leader>01056nam2a22002531  4500</leader>
  <controlfield tag="001">RU\NLR\INFOCOMM44\1000001476</controlfield>
  <controlfield tag="005">20250617041346.0</controlfield>
  <datafield tag="035" ind1=" " ind2=" ">
    <subfield code="a">(NLR Aleph) 002437961</subfield>
  </datafield>
  <datafield tag="090" ind1=" " ind2=" ">
    <subfield code="a">2055658</subfield>
    <subfield code="c">2055658</subfield>
  </datafield>
  <datafield tag="100" ind1=" " ind2=" ">
    <subfield code="a">20040305d1990    |||y0rusy50      ca</subfield>
  </datafield>
  <datafield tag="101" ind1="0" ind2=" ">
    <subfield code="a">rus</subfield>
  </datafield>
  <datafield tag="102" ind1=" " ind2=" ">
    <subfield code="a">RU</subfield>
  </datafield>
  <datafield tag="105" ind1=" " ind2=" ">
    <subfield code="a">y   |||||||||</subfield>
  </datafield>
  <datafield tag="200" ind1="1" ind2=" ">
    <subfield code="a">&#x41A;&#x430;&#x442;&#x430;&#x43B;&#x43E;&#x433; &#x43C;&#x438;&#x440;&#x43E;&#x432;&#x43E;&#x439; &#x444;&#x430;&#x443;&#x43D;&#x44B; &#x43F;&#x440;&#x43E;&#x441;&#x442;&#x435;&#x439;&#x448;&#x438;&#x445; &#x441;&#x435;&#x43C;&#x435;&#x439;&#x441;&#x442;&#x432;&#x430; Trypanosomatidae</subfield>
    <subfield code="f">&#x421;.&#x410;. &#x41F;&#x43E;&#x434;&#x43B;&#x438;&#x43F;&#x430;&#x435;&#x432;</subfield>
  </datafield>
  <datafield tag="210" ind1=" " ind2=" ">
    <subfield code="d">1990</subfield>
    <subfield code="a">&#x411;. &#x43C;.</subfield>
  </datafield>
  <datafield tag="461" ind1=" " ind2="0">
    <subfield code="1">001RU\NLR\INFOCOMM44\1000001243</subfield>
    <subfield code="1">2001#$a&#x422;&#x440;&#x443;&#x434;&#x44B;$f&#x420;&#x43E;&#x441;. &#x430;&#x43A;&#x430;&#x434;. &#x43D;&#x430;&#x443;&#x43A;, &#x417;&#x43E;&#x43E;&#x43B;. &#x438;&#x43D;-&#x442;$v&#x422;.217</subfield>
    <subfield code="9">2053643</subfield>
    <subfield code="a">&#x417;&#x43E;&#x43E;&#x43B;&#x43E;&#x433;&#x438;&#x447;&#x435;&#x441;&#x43A;&#x438;&#x439; &#x438;&#x43D;&#x441;&#x442;&#x438;&#x442;&#x443;&#x442; (&#x421;&#x430;&#x43D;&#x43A;&#x442;-&#x41F;&#x435;&#x442;&#x435;&#x440;&#x431;&#x443;&#x440;&#x433;)</subfield>
    <subfield code="c">&#x421;&#x41F;&#x431;.</subfield>
    <subfield code="d">1932 -</subfield>
    <subfield code="f">&#x420;&#x43E;&#x441;. &#x430;&#x43A;&#x430;&#x434;. &#x43D;&#x430;&#x443;&#x43A;, &#x417;&#x43E;&#x43E;&#x43B;. &#x438;&#x43D;-&#x442;</subfield>
    <subfield code="n">&#x41D;&#x430;&#x443;&#x43A;&#x430;, &#x421;.-&#x41F;&#x435;&#x442;&#x435;&#x440;&#x431;. &#x438;&#x437;&#x434;. &#x444;&#x438;&#x440;&#x43C;&#x430; &#x420;&#x410;&#x41D;</subfield>
    <subfield code="t">&#x422;&#x440;&#x443;&#x434;&#x44B;</subfield>
    <subfield code="x">0206-0477</subfield>
    <subfield code="v">&#x422;.217</subfield>
  </datafield>
  <datafield tag="700" ind1=" " ind2="1">
    <subfield code="a">&#x41F;&#x43E;&#x434;&#x43B;&#x438;&#x43F;&#x430;&#x435;&#x432;</subfield>
    <subfield code="b">&#x421;.&#x410;.</subfield>
    <subfield code="4">070</subfield>
  </datafield>
  <datafield tag="801" ind1=" " ind2="1">
    <subfield code="a">RU</subfield>
    <subfield code="b">InfoComm</subfield>
    <subfield code="c">20040305</subfield>
  </datafield>
  <datafield tag="801" ind1=" " ind2="0">
    <subfield code="a">RU</subfield>
    <subfield code="b">NLR</subfield>
    <subfield code="g">PSBO</subfield>
  </datafield>
  <datafield tag="852" ind1=" " ind2=" ">
    <subfield code="a">NLR</subfield>
    <subfield code="j">&#x41F;7/259</subfield>
  </datafield>
  <datafield tag="942" ind1=" " ind2=" ">
    <subfield code="c">ISSUE</subfield>
  </datafield>
  <datafield tag="980" ind1=" " ind2=" ">
    <subfield code="a">NB</subfield>
  </datafield>
  <datafield tag="980" ind1=" " ind2=" ">
    <subfield code="a">RUSPER</subfield>
  </datafield>
</record>
